| 000 | 00638cas a22002055a 4500 | ||
|---|---|---|---|
| 001 | ##L131353 | ||
| 008 | 051024c2004 xxkqr p 0 a0eng u | ||
| 022 | 1 | _a0969-4250 | |
| 035 | _a(Sirsi) u131353 | ||
| 041 | 0 | _aeng | |
| 110 | 2 |
_aSociety for the Protection of Ancient Buildings _92085 |
|
| 245 | 0 | 0 |
_aCornerstone _bThe Magazine of the Society for the Protection of Ancient Buildings |
| 260 |
_aLondon _bSPAB _c2004- |
||
| 362 | _a26(4) 2005- | ||
| 554 | _aFour per year | ||
| 651 | 4 |
_aUnited Kingdom _y |
|
| 690 | _aBUILT ENVIRONMENT-BUILDING TYPES-HISTORIC BUILDINGS AND ANCIENT MONUMENTS | ||
| 780 | 0 | 0 | _tSPAB News |
| 942 | _n0 | ||
| 999 |
_c118848 _d118848 |
||